000 00674nam a2200181 i 4500
001 62792
003 ES-MaACL
005 20230906164729.0
007 t|
008 031126s1955 sp ||||1| spa d
100 1 _aFernández de Mesa y Porras, Rodrigo.
_949689
245 1 0 _aGuía de la contribución sobre renta /
_cpor Rodrigo Fernández de Mesa y Porras y Miguel Rubira Carbonell.
260 _aMadrid :
_bJurisprudencia editorial,
_c1955 (
_fNuevas Gráficas)
300 _a2 v. ;
_c28 cm.
505 8 _aContiene: V. I: La declaración del contribuyente. -- V. II: Apéndices
700 1 _aRubira Carbonell, Miguel.
_9100459
852 _aES-MaACL
_jB-13798-9
_bR.37338
999 _c62792
_d62792